[Event "Anna IRT op"]
[Site "Anna"]
[Date "2015.04.09"]
[Round "1"]
[White "Marchukov, Dmitry"]
[Black "Tupikin, Igor"]
[Result "1-0"]
[WhiteElo "2098"]
[BlackElo "1709"]
[PlyCount "79"]
[EventDate "2015.04.09"]
[EventType "swiss"]
[EventRounds "9"]
[EventCountry "RUS"]
[SourceTitle "EXT 2022"]
[Source "ChessBase"]
[SourceDate "2021.10.06"]
[SourceVersion "1"]
[SourceVersionDate "2021.10.06"]
[SourceQuality "1"]

1. d4 d5 2. Nf3 Bf5 3. Bf4 f6 4. e3 e6 5. c4 Bd6 6. Bg3 Nc6 7. Nc3 Bb4 8. Qb3 Bxc3+ 9. bxc3 b6 10. Nh4 Na5 11. Qa4+ Qd7 12. Qxd7+ Kxd7 13. Nxf5 exf5 14. cxd5 Ne7 15. Bb5+ c6 16. dxc6+ Naxc6 17. 0-0 a6 18. Bd3 Rac8 19. Rac1 Na5 20. c4 h5 21. Rb1 g5 22. h4 Rhg8 23. Rxb6 Nac6 24. Rb7+ Ke8 25. Rfb1 f4 26. exf4 gxf4 27. Bxf4 Nxd4 28. Re1 Nf3+ 29. Kf1 Nxe1 30. Kxe1 Rd8 31. Bf1 Nf5 32. c5 Rg7 33. c6 Re7+ 34. Rxe7+ Kxe7 35. c7 Nxh4 36. cxd8Q+ Kxd8 37. Kd2 Ng6 38. g3 Nxf4 39. gxf4 Ke7 40. Bxa6 1-0

[Event "Borisoglebsk Bocharov Memorial"]
[Site "Borisoglebsk"]
[Date "2015.03.23"]
[Round "9"]
[White "Vateechkin, Stepan"]
[Black "Marchukov, Dmitry"]
[Result "1-0"]
[WhiteElo "1936"]
[BlackElo "2098"]
[PlyCount "63"]
[EventDate "2015.03.19"]
[EventType "swiss"]
[EventRounds "9"]
[EventCountry "RUS"]
[SourceTitle "CBM 165 Extra"]
[Source "ChessBase"]
[SourceDate "2015.04.21"]
[SourceVersion "1"]
[SourceVersionDate "2015.04.21"]
[SourceQuality "1"]

1. e4 Nc6 2. g3 g6 3. Bg2 Bg7 4. c4 d6 5. Ne2 e5 6. Nbc3 Be6 7. d3 Qd7 8. a3 Bh3 9. 0-0 h5 10. f3 Bxg2 11. Kxg2 Nge7 12. h3 Nd4 13. Nxd4 exd4 14. Ne2 0-0-0 15. Rb1 Rdg8 16. b4 f6 17. b5 g5 18. a4 g4 19. fxg4 hxg4 20. h4 Rf8 21. Nxd4 f5 22. Nxf5 Nxf5 23. exf5 Rxf5 24. Bb2 Rxf1 25. Qxf1 Rf8 26. Qe2 Bxb2 27. Rxb2 Qf5 28. Qf2 Qf7 29. Qxf7 Rxf7 30. Rf2 Rg7 31. Rf8+ Kd7 32. Kf2 1-0

[Event "Borisoglebsk Bocharov Memorial"]
[Site "Borisoglebsk"]
[Date "2015.03.19"]
[Round "1"]
[White "Marchukov, Dmitry"]
[Black "Skvortsov, Grigory"]
[Result "1-0"]
[WhiteElo "2098"]
[BlackElo "1834"]
[PlyCount "31"]
[EventDate "2015.03.19"]
[EventType "swiss"]
[EventRounds "9"]
[EventCountry "RUS"]
[SourceTitle "CBM 165 Extra"]
[Source "ChessBase"]
[SourceDate "2015.04.21"]
[SourceVersion "1"]
[SourceVersionDate "2015.04.21"]
[SourceQuality "1"]

1. d4 d5 2. Nf3 Nc6 3. Bf4 Bg4 4. Nbd2 e6 5. Bg3 Bd6 6. c3 Nf6 7. Ne5 Nh5 8. Nxg4 Nxg3 9. hxg3 Qg5 10. e4 h5 11. e5 Be7 12. Bd3 0-0-0 13. Ne3 f6 14. Nf3 Qh6 15. Ng4 hxg4 16. Rxh6 1-0

[Event "Balashov-ch"]
[Site "Balashov"]
[Date "2014.12.18"]
[Round "4"]
[White "Marchukov, Dmitry"]
[Black "Darenkov, Mikhail"]
[Result "1/2-1/2"]
[WhiteElo "2112"]
[BlackElo "2114"]
[PlyCount "29"]
[EventDate "2014.12.15"]
[EventType "swiss"]
[EventRounds "9"]
[EventCountry "RUS"]
[SourceTitle "CBM 164 Extra"]
[Source "ChessBase"]
[SourceDate "2015.03.02"]
[SourceVersion "1"]
[SourceVersionDate "2015.03.02"]
[SourceQuality "1"]

1. e4 e5 2. Nf3 Nc6 3. Nc3 Nf6 4. Bc4 Bc5 5. d3 0-0 6. 0-0 d6 7. Bg5 Be6 8. Bb3 Bxb3 9. axb3 h6 10. Bxf6 Qxf6 11. Nd5 Qd8 12. c3 Ne7 13. Nxe7+ Qxe7 14. b4 Bb6 15. Qb3 1/2-1/2

[Event "Borisoglebsk Summer op"]
[Site "Borisoglebsk"]
[Date "2013.06.28"]
[Round "1"]
[White "Marchukov, Dmitry"]
[Black "Pavlovsky, Victor"]
[Result "1/2-1/2"]
[WhiteElo "2113"]
[BlackElo "1795"]
[PlyCount "93"]
[EventDate "2013.06.28"]
[EventType "swiss"]
[EventRounds "7"]
[EventCountry "RUS"]
[SourceTitle "EXT 2014"]
[Source "ChessBase"]
[SourceDate "2013.11.20"]
[SourceVersion "1"]
[SourceVersionDate "2013.11.20"]
[SourceQuality "1"]

1. d4 Nf6 2. Nf3 g6 3. c4 Bg7 4. Nc3 0-0 5. e4 d6 6. Be2 Nbd7 7. e5 dxe5 8. dxe5 Ne8 9. Bg5 c6 10. Qd2 Nc7 11. 0-0-0 Ne6 12. h4 f6 13. Bh6 Nxe5 14. Nxe5 Qxd2+ 15. Bxd2 fxe5 16. f3 Nf4 17. Bxf4 exf4 18. h5 Bf5 19. hxg6 hxg6 20. Bd3 Bxc3 21. bxc3 Bxd3 22. Rxd3 Rad8 23. Rhd1 Rxd3 24. Rxd3 Kf7 25. Rd7 Rb8 26. c5 Ke6 27. Rc7 g5 28. Kc2 Kf6 29. Kd3 e6 30. Ke4 a6 31. c4 b5 32. Rxc6 bxc4 33. Rxa6 Rb2 34. Ra4 Rxg2 35. c6 Ke7 36. Rxc4 Kd8 37. Ke5 Re2+ 38. Kf6 Rxa2 39. Kxg5 e5 40. Rc3 Re2 41. Kg4 Re3 42. c7+ Kc8 43. Rc2 Re1 44. Kf5 Re3 45. Kg4 Re1 46. Kh3 Re2 47. Rc4 1/2-1/2

[Event "Zhukovsky Elo-B"]
[Site "Zhukovsky"]
[Date "2008.01.06"]
[Round "5"]
[White "Kukushkin, Sergey"]
[Black "Marchukov, Dmitry"]
[Result "0-1"]
[WhiteElo "2099"]
[BlackElo "2083"]
[PlyCount "54"]
[EventDate "2008.01.02"]
[EventType "tourn"]
[EventRounds "9"]
[EventCountry "RUS"]
[SourceTitle "EXT 2010"]
[Source "ChessBase"]
[SourceDate "2010.11.25"]
[SourceVersion "1"]
[SourceVersionDate "2010.11.25"]
[SourceQuality "1"]

1. e4 c5 2. Nf3 Nc6 3. d4 cxd4 4. Nxd4 Nf6 5. Nc3 d6 6. Be3 e6 7. Be2 Be7 8. Qd2 0-0 9. 0-0-0 Qa5 10. Nb3 Qd8 11. f4 Bd7 12. g4 Rc8 13. Rhf1 a5 14. f5 Nb4 15. Na1 Rxc3 16. bxc3 Nxe4 17. Qe1 Nxa2+ 18. Kb2 Naxc3 19. Bd4 Bf6 20. Bxf6 Qxf6 21. Ka3 b5 22. Rd2 b4+ 23. Kb3 Ba4+ 24. Kc4 Rc8+ 25. Kd3 Bb5+ 26. Ke3 Qg5+ 27. Rf4 e5 0-1

[Event "Zhukovsky Cup"]
[Site "Zhukovsky"]
[Date "2008.??.??"]
[Round "7"]
[White "Marchukov, Dmitry"]
[Black "Tamarovskiy, Andrey"]
[Result "1-0"]
[WhiteElo "2083"]
[BlackElo "1939"]
[PlyCount "151"]
[EventDate "2008.04.21"]
[EventType "swiss"]
[EventRounds "9"]
[EventCountry "RUS"]
[SourceTitle "EXT 2022"]
[Source "ChessBase"]
[SourceDate "2021.10.06"]
[SourceVersion "1"]
[SourceVersionDate "2021.10.06"]
[SourceQuality "1"]

1. c4 e5 2. Nc3 d6 3. g3 Nf6 4. Bg2 c6 5. e3 Be6 6. Qb3 Qd7 7. Nge2 d5 8. cxd5 cxd5 9. 0-0 Nc6 10. d4 e4 11. Nf4 Be7 12. Nxe6 fxe6 13. Bh3 g5 14. Bd2 g4 15. Bg2 h5 16. Rfe1 Nh7 17. Qb5 Nb4 18. Rec1 a6 19. Qxd7+ Kxd7 20. Na4 Nd3 21. Nb6+ Kd6 22. Nxa8 Rxa8 23. Rc2 Ng5 24. Ba5 Bd8 25. Bxd8 Rxd8 26. a3 e5 27. dxe5+ Nxe5 28. Rd1 h4 29. b4 Rf8 30. Rc5 Nd3 31. Rxd3 exd3 32. Rxd5+ Kc7 33. Rxd3 h3 34. Bh1 Nf7 35. Kf1 Ne5 36. Rc3+ Kb6 37. Ke2 Rf7 38. Rc5 Re7 39. f4 Nd7 40. Rc3 a5 41. e4 axb4 42. axb4 Kb5 43. Rc7 b6 44. e5 Kxb4 45. Bc6 Nxe5 46. Rxe7 Nxc6 47. Re4+ Kc5 48. f5 Kd5 49. Rxg4 Ke5 50. Rf4 Kf6 51. Kd3 Ne5+ 52. Kd4 b5 53. Kc3 b4+ 54. Kc2 Nd7 55. Rxb4 Kxf5 56. Rh4 Nf6 57. Rxh3 Ng4 58. Rh8 Kf6 59. Kd3 Kg7 60. Rh4 Ne5+ 61. Ke4 Nf7 62. Kf5 Nd6+ 63. Ke6 Ne8 64. Rg4+ Kh6 65. Rb4 Nc7+ 66. Kf7 Nd5 67. Rh4+ Kg5 68. Ra4 Ne3 69. h4+ Kh5 70. Kf6 Nd5+ 71. Kf5 Ne3+ 72. Kf4 Nd5+ 73. Kf3 Ne7 74. Ra5+ Kh6 75. g4 Nc6 76. Ra6 1-0

[Event "Lysenko Memorial"]
[Site "Liski"]
[Date "2007.04.17"]
[Round "7"]
[White "Marchukov, Dmitry"]
[Black "Grigorian, Vardan"]
[Result "0-1"]
[WhiteElo "2113"]
[BlackElo "2278"]
[PlyCount "56"]
[EventDate "2007.04.11"]
[EventType "tourn"]
[EventRounds "9"]
[EventCountry "RUS"]
[SourceTitle "EXT 2010"]
[Source "ChessBase"]
[SourceDate "2010.11.25"]
[SourceVersion "1"]
[SourceVersionDate "2010.11.25"]
[SourceQuality "1"]

1. d4 Nf6 2. Bf4 e6 3. e3 c5 4. Nf3 b6 5. c4 Bb7 6. Nc3 cxd4 7. exd4 d5 8. Bd3 Bb4 9. 0-0 Bxc3 10. bxc3 0-0 11. Re1 Nc6 12. Bg5 dxc4 13. Bxc4 Na5 14. Bd3 Rc8 15. Rc1 h6 16. Bh4 Nc4 17. Bb1 Bxf3 18. gxf3 Qd5 19. Qd3 g5 20. Bg3 Rfd8 21. h4 Kf8 22. Bc2 Ke7 23. hxg5 hxg5 24. Bb3 Nh5 25. Qe4 Qxe4 26. fxe4 Nd2 27. Re3 Rxd4 28. cxd4 Rxc1+ 0-1

[Event "Lysenko Memorial"]
[Site "Liski"]
[Date "2007.04.13"]
[Round "3"]
[White "Marchukov, Dmitry"]
[Black "Surov, Sergey"]
[Result "1/2-1/2"]
[WhiteElo "2113"]
[BlackElo "2275"]
[PlyCount "41"]
[EventDate "2007.04.11"]
[EventType "tourn"]
[EventRounds "9"]
[EventCountry "RUS"]
[SourceTitle "EXT 2010"]
[Source "ChessBase"]
[SourceDate "2010.11.25"]
[SourceVersion "1"]
[SourceVersionDate "2010.11.25"]
[SourceQuality "1"]

1. d4 c5 2. e3 d5 3. c4 cxd4 4. cxd5 Nf6 5. Qxd4 Qxd5 6. Qxd5 Nxd5 7. Bd2 Nc6 8. Nc3 Nxc3 9. Bxc3 e5 10. Bc4 Bb4 11. Ne2 Bd7 12. Rd1 Rc8 13. Bxf7+ Ke7 14. Bd5 Bxc3+ 15. Nxc3 Na5 16. 0-0 b5 17. a3 a6 18. Rd2 Rhd8 19. Rfd1 Bc6 20. Ba2 Rxd2 21. Rxd2 1/2-1/2